Pintura del gobernador, alcaldes y regidores de México (Record no. 1485)

MARC details
000 -CABECERA
campo de control de longitud fija 00897nam a2200217 a 4500
001 - NÚMERO DE CONTROL
campo de control BRCA_1694
005 - FECHA Y HORA DE LA ÚLTIMA TRANSACCIÓN
campo de control 20190320203518.0
008 - DATOS DE LONGITUD FIJA--INFORMACIÓN GENERAL
campo de control de longitud fija 840313s1973 sp-a---###---#000-0#spa-#
020 ## - NÚMERO INTERNACIONAL ESTÁNDAR DEL LIBRO
Número Internacional Estándar del Libro 8436902882
040 ## - FUENTE DE LA CATALOGACIÓN
Centro catalogador/agencia de origen DLC
Centro/agencia transcriptor CarP
Centro/agencia modificador DLC
050 #4 - SIGNATURA TOPOGRÁFICA DE LA BIBLIOTECA DEL CONGRESO
Número de clasificación F1219.56
Número de documento/Ítem .P56 1973
245 10 - MENCIÓN DE TÍTULO
Título Pintura del gobernador, alcaldes y regidores de México
Resto del título Códice Osuna.
260 ## - PUBLICACIÓN, DISTRIBUCIÓN, ETC.
Lugar de publicación, distribución, etc. Madrid
Nombre del editor, distribuidor, etc. Servicio de Publicaciones del Ministerio de Cultura : Ministerio de Educación y Ciencia, Dirección General de Archivos y Bibliotecas
Fecha de publicación, distribución, etc. 1973
300 ## - DESCRIPCIÓN FÍSICA
Extensión 1 v. (sin paginación)
Otras características físicas il. a color
Dimensiones 34 cm.
500 ## - NOTA GENERAL
Nota general Reproducción facsímilar de manuscrito mexicano, 1565
630 04 - PUNTO DE ACCESO ADICIONAL DE MATERIA--TÍTULO UNIFORME
Título uniforme Códice Osuna
9 (RLIN) 5298
650 14 - PUNTO DE ACCESO ADICIONAL DE MATERIA--TÉRMINO DE MATERIA
Término de materia o nombre geográfico como elemento de entrada Aztecas
Subdivisión de forma Trabajos anteriores a 1800
Subdivisión general Relaciones de gobierno
9 (RLIN) 5299
650 14 - PUNTO DE ACCESO ADICIONAL DE MATERIA--TÉRMINO DE MATERIA
Término de materia o nombre geográfico como elemento de entrada Indígenas de México
Subdivisión general Relaciones de gobierno
9 (RLIN) 5300
650 14 - PUNTO DE ACCESO ADICIONAL DE MATERIA--TÉRMINO DE MATERIA
Término de materia o nombre geográfico como elemento de entrada Manuscritos nahuas
Subdivisión de forma Facsímil
9 (RLIN) 5301
942 ## - ELEMENTOS DE PUNTO DE ACCESO ADICIONAL (KOHA)
Fuente del sistema de clasificación o colocación Library of Congress Classification
Tipo de ítem Koha Libros
Holdings
Estado de retiro Estado de pérdida Estado dañado No para préstamo Localización permanente Ubicación/localización actual Fecha de adquisición Total de préstamos Signatura topográfica completa Código de barras Fecha visto por última vez Precio válido a partir de Tipo de ítem Koha
El ejemplar forma parte de la colección y puede ser consultado según las políticas vigentes.       Biblioteca del Museo Franz Mayer (Rogerio Casas-Alatriste) Biblioteca del Museo Franz Mayer (Rogerio Casas-Alatriste) 27/06/2008   F1219.56 .P56 1973 02331 22/03/2019 22/03/2019 Libros